Μέθοδοι και τεχνικές δειγματοληψίας
Αποθηκεύτηκε σε:
| Κύριος συγγραφέας: | |
|---|---|
| Μορφή: | Βιβλίο |
| Γλώσσα: | Greek |
| Δημοσίευση: |
Πειραιάς :
Σταμούλης,
1991
|
| Θέματα: | |
| Ετικέτες: |
Προσθήκη ετικέτας
Δεν υπάρχουν, Καταχωρήστε ετικέτα πρώτοι!
|
MARC
| LEADER | 00000cam a2200000 i 4500 | ||
|---|---|---|---|
| 001 | 1/64763 | ||
| 008 | 950214s1991 gre d | ||
| 035 | |a 1995 |l 10029490 | ||
| 040 | |a GR-MY-UA |b gre |e aacr | ||
| 041 | 0 | |a gre | |
| 082 | 0 | |a 519.52 | |
| 100 | 1 | |a Μπένος, Βασίλειος Κ. | |
| 245 | 1 | 0 | |a Μέθοδοι και τεχνικές δειγματοληψίας / |c Βασιλείου Κιμ. Μπένου |
| 260 | |a Πειραιάς : |b Σταμούλης, |c 1991 | ||
| 300 | |a 488 σ.; |b εικ.; |c 24 εκ. | ||
| 504 | |a Βιβλιογραφία: σ.487-488 | ||
| 650 | 0 | 0 | |a Sampling. |
| 650 | 0 | 0 | |a Sampling (Statistics) |
| 852 | |a INST |b CHIOS |e 19960611 |h 519.52 ΜΠΕ |p 005200003001 |q 005200003001 |t BK |y 0 | ||
| 852 | |a INST |b CHIOS |e 20010322 |h 519.52 ΜΠΕ |p 005200016988 |q 005200016988 |t BK |y 0 | ||
| 852 | |a INST |b LESVOS |e 19950627 |h 519.52 ΜΠΕ |p 005100008442 |q 005100008442 |t BK |y 0 | ||
| 852 | |a INST |b SAMOS |e 19950214 |h 519.52 ΜΠΕ |p 005300006267 |q 005300006267 |t BK |y 23 | ||
| 852 | |a INST |b SAMOS |c EUDOXUS |e 20131023 |h 519.5 ΜΠΕ |p 005300040722 |q 005300040722 |t EDX |y 0 | ||
| 852 | |a INST |b SAMOS |c EUDOXUS |e 20131023 |h 519.5 ΜΠΕ |p 005300040723 |q 005300040723 |t EDX |y 0 | ||
| 901 | |a BIBL3-2013-3 | ||
| 901 | |a BIBL2-2001-1 | ||
| 909 | |a Σ |b 178904 | ||
| 909 | |a Σ |b 178905 | ||
| 909 | |a Λ |b 023199 | ||
| 909 | |a Σ |b 035559 | ||
| 909 | |a Χ |b 029936 | ||
| 909 | |a Χ |b 076210 | ||
| 920 | |a ΕΥΔΟΞΟΣ |b ΠΑΡΑΓΓΕΛΙΑ-ΤΣΑΧΜ |y ΣΑΜΟΣ |z 2013-05 | ||
| 922 | |a 1ΕΛΗ |b 199204 |c ΠΠ/1150 | ||